[Event "Pardubice Open A"]
[Site "?"]
[Date "2015.07.30"]
[Round "7.82"]
[White "KRATOCHVIL, Karel"]
[Black "KELLER, Peter"]
[Result "0-1"]
[WhiteElo "2154"]
[BlackElo "2319"]
[PlyCount "60"]
[EventDate "2015.??.??"]
[WhiteClock "0:01:21"]
[BlackClock "0:28:52"]

1. d4 d5 2. c4 c6 3. Nc3 dxc4 4. e3 b5 5. a4 b4 6. Na2 e6 7. Bxc4 Nf6 8. Nf3
Nbd7 9. O-O Be7 10. b3 O-O 11. Bb2 Bb7 12. Qe2 Qa5 13. Rac1 c5 14. Rfd1 Rac8
15. Ne5 Nxe5 16. dxe5 Nd5 17. Bd3 Rc7 18. f4 Nb6 19. f5 exf5 20. Bxf5 c4 21.
bxc4 Qxa4 22. Bd4 Bc8 23. e6 fxe6 24. Qg4 Bc5 25. Bxh7+ Kxh7 26. Qh5+ Kg8 27.
Bxc5 Qa5 28. Rd5 Rxc5 29. Rxc5 Qxa2 30. Rg5 Qf2+ 0-1

[Event "Pardubice Open A"]
[Site "Pardubice (CZE)"]
[Date "2015.07.30"]
[Round "7.83"]
[White "RJABZEV, Konstantin"]
[Black "KLECKER, Tadeas"]
[Result "0-1"]
[WhiteElo "2314"]
[BlackElo "2206"]
[PlyCount "58"]
[EventDate "2015.07.24"]

1. e4 e5 2. Nf3 Nc6 3. Bc4 Bc5 4. Nc3 Nf6 5. d3 O-O 6. Bg5 Be7 7. h3 d6 8. a4
Be6 9. O-O h6 10. Bd2 d5 11. exd5 Nxd5 12. Bb5 Ndb4 13. Re1 Nd4 14. Nxd4 exd4
15. Ne4 a6 16. Bc4 Bxc4 17. dxc4 a5 18. Ra3 f5 19. Bxh6 d3 20. Bxg7 Kxg7 21.
cxd3 Nc2 22. Qxc2 Bxa3 23. bxa3 fxe4 24. Rxe4 Qf6 25. g3 Rf7 26. d4 Rg8 27. Rf4
Qe6 28. Rh4 Kf8 29. Qe4 Qf6 0-1

[Event "Pardubice Open A"]
[Site "Pardubice (CZE)"]
[Date "2015.07.30"]
[Round "7.84"]
[White "MITSIS, Georgios"]
[Black "POPOV, Mikhail"]
[Result "0-1"]
[WhiteElo "1963"]
[BlackElo "2308"]
[PlyCount "94"]
[EventDate "2015.07.24"]

1. d4 Nf6 2. Nf3 g6 3. c4 Bg7 4. Nc3 d6 5. e4 O-O 6. Be2 e5 7. d5 Na6 8. O-O c6
9. Be3 Ng4 10. Bg5 f6 11. Bh4 c5 12. a3 b6 13. Rb1 Nh6 14. Nd2 g5 15. Bg3 f5
16. exf5 Nxf5 17. Nde4 h6 18. Bd3 Nc7 19. b4 Ne8 20. bxc5 bxc5 21. Rb2 Nf6 22.
Nxf6+ Qxf6 23. Ne4 Qe7 24. Qd2 Qc7 25. Rfb1 Nd4 26. Kh1 g4 27. Qe1 Qd8 28. Qd1
Rf7 29. Rb8 Rxb8 30. Rxb8 Rf8 31. Qd2 Qc7 32. Rb1 Bf5 33. Bh4 Bh7 34. Qd1 Qd7
35. Ng3 Bxd3 36. Qxd3 Qf7 37. Ne4 Nf5 38. Bg3 Qg6 39. Rd1 h5 40. f3 gxf3 41.
gxf3 Qh6 42. Re1 Nd4 43. Nd2 Qh7 44. Qxh7+ Kxh7 45. Kg2 Bh6 46. Ne4 h4 47. Bxh4
Nxf3 0-1

[Event "Pardubice Open A"]
[Site "Pardubice (CZE)"]
[Date "2015.07.30"]
[Round "7.85"]
[White "VAFIADIS, Kleanthis"]
[Black "WALTER, Florian"]
[Result "1-0"]
[WhiteElo "2301"]
[BlackElo "2140"]
[PlyCount "55"]
[EventDate "2015.07.24"]

1. d4 d5 2. c4 c6 3. Nc3 Nf6 4. Nf3 e6 5. e3 Nbd7 6. Bd3 dxc4 7. Bxc4 b5 8. Bd3
Bb7 9. e4 a6 10. e5 Nd5 11. Nxd5 cxd5 12. O-O Be7 13. Be3 Nb6 14. b3 b4 15. Nd2
Nd7 16. Qg4 g6 17. f4 Qb6 18. Rac1 Bc6 19. Rfe1 Bb5 20. Bb1 Nb8 21. f5 Bd7 22.
fxg6 hxg6 23. Nf3 Nc6 24. Ng5 Rf8 25. Nxf7 Rxf7 26. Bxg6 Nd8 27. Bxf7+ Nxf7 28.
Qg8+ 1-0

[Event "Pardubice Open A"]
[Site "Pardubice (CZE)"]
[Date "2015.07.30"]
[Round "7.86"]
[White "ALEXIADIS, Hristos"]
[Black "BARAEVA, Irina"]
[Result "0-1"]
[WhiteElo "2296"]
[BlackElo "2122"]
[PlyCount "88"]
[EventDate "2015.07.24"]

1. e4 e6 2. d4 d5 3. Nc3 Nf6 4. Bg5 dxe4 5. Nxe4 Nbd7 6. Nf3 h6 7. Nxf6+ Nxf6
8. Bf4 c5 9. Bd3 Qa5+ 10. c3 cxd4 11. Nxd4 Be7 12. Qe2 O-O 13. Nb3 Qh5 14. f3
Nd5 15. Be5 Bf6 16. Bxf6 Nxf6 17. h4 Nd7 18. O-O-O Qe5 19. Qf2 b6 20. f4 Qc7
21. g4 Bb7 22. Rh3 Rac8 23. h5 Nc5 24. Nxc5 Qxc5 25. Qc2 e5 26. g5 exf4 27.
gxh6 gxh6 28. Be4 Bxe4 29. Qxe4 Rcd8 30. Rf1 Qg5 31. Rhh1 Rfe8 32. Qc6 f3+ 33.
Kb1 Qf5+ 34. Ka1 Re6 35. Qc7 Rde8 36. Rhg1+ Kf8 37. Qg3 f2 38. Qg7+ Ke7 39. Rh1
Qf3 40. a3 Rd8 41. c4 Rd3 42. Qh7 Re2 43. Kb1 Rdd2 44. Qg7 Qb3 0-1

[Event "Pardubice Open A"]
[Site "Pardubice (CZE)"]
[Date "2015.07.30"]
[Round "7.87"]
[White "BARRISH, Daniel"]
[Black "BLAHYNKA, Martin"]
[Result "0-1"]
[WhiteElo "2150"]
[BlackElo "2420"]
[PlyCount "90"]
[EventDate "2015.07.24"]

1. d4 Nf6 2. c4 e6 3. g3 c5 4. d5 exd5 5. cxd5 b5 6. Bg2 d6 7. a4 b4 8. Nd2 Ba6
9. Qc2 g6 10. b3 Bg7 11. Bb2 O-O 12. Nc4 Re8 13. e3 Qe7 14. Ne2 Bxc4 15. Qxc4
Nbd7 16. O-O Nb6 17. Qd3 a5 18. Rfd1 Nfd7 19. Bxg7 Kxg7 20. Rac1 Qf6 21. Qc2
Rac8 22. Bh3 Rcd8 23. Bxd7 Nxd7 24. Nf4 Ne5 25. Nd3 Nf3+ 26. Kg2 Ng5 27. Qb2
Ne4 28. Qxf6+ Kxf6 29. Nb2 Nc3 30. Rd3 Re5 31. Nc4 Rxd5 32. Rxd5 Nxd5 33. Nxa5
Nc3 34. f3 d5 35. Kf2 Rd7 36. Ke1 Ra7 37. Nc6 Ra6 38. Nb8 Rd6 39. a5 Rd8 40.
Na6 Rc8 41. e4 Ke6 42. exd5+ Kd6 43. Kd2 Ra8 44. Nxb4 cxb4 45. Kd3 Rxa5 0-1

[Event "Pardubice Open A"]
[Site "Pardubice (CZE)"]
[Date "2015.07.30"]
[Round "7.88"]
[White "ASEEVA, Marina"]
[Black "MUELLER, Ralf"]
[Result "0-1"]
[WhiteElo "2184"]
[BlackElo "2384"]
[PlyCount "114"]
[EventDate "2015.07.24"]

1. e4 e5 2. Nf3 Nc6 3. d4 exd4 4. Nxd4 Bc5 5. Be3 Qf6 6. c3 Nge7 7. Bc4 O-O 8.
O-O Qg6 9. Nd2 Bxd4 10. cxd4 d5 11. exd5 Nb4 12. Qf3 Bg4 13. Qe4 Nf5 14. Rac1
Rfe8 15. Qf4 h6 16. Kh1 Nd6 17. a3 Nxc4 18. axb4 Nb6 19. Rc5 Rad8 20. Qxc7 Bc8
21. d6 Rxd6 22. Nc4 Nxc4 23. Rxc4 Bf5 24. Rc5 Be4 25. Rg1 b6 26. Rcc1 h5 27.
Qc3 Qf5 28. Qd2 h4 29. f3 Bd5 30. h3 Bxf3 31. Kh2 Bd5 32. Rcf1 Qg6 33. Bf2 Re4
34. Re1 Rde6 35. Rxe4 Qxe4 36. Qg5 f6 37. Qxh4 Qxh4 38. Bxh4 Re2 39. Bg3 Rxb2
40. Bd6 Kf7 41. h4 a5 42. bxa5 bxa5 43. Kh3 a4 44. g4 Rb3+ 45. Rg3 Bf3 46. d5
a3 47. Bc5 Rd3 48. Bd4 Rxd4 49. Rxf3 a2 50. Rf1 Rd3+ 51. Kg2 Ra3 52. Ra1 Ke7
53. g5 fxg5 54. hxg5 Kd6 55. Kf2 Kxd5 56. Ke2 Kc4 57. Kd2 Kb3 0-1

[Event "Pardubice Open A"]
[Site "Pardubice (CZE)"]
[Date "2015.07.30"]
[Round "7.89"]
[White "GRIGORIAN, Spartak"]
[Black "LEHMANN, Holger"]
[Result "1/2-1/2"]
[WhiteElo "2351"]
[BlackElo "2180"]
[PlyCount "138"]
[EventDate "2015.07.24"]

1. Nf3 d5 2. c4 e6 3. d4 c6 4. e3 Nf6 5. Nc3 Nbd7 6. Qc2 Bd6 7. b3 O-O 8. Be2
a6 9. O-O e5 10. cxd5 cxd5 11. dxe5 Nxe5 12. Rd1 Be6 13. Bb2 Rc8 14. Qd2 Qe7
15. Rac1 Rcd8 16. Qd4 Nc6 17. Qh4 h6 18. h3 Rfe8 19. Bd3 Ne5 20. Nxe5 Bxe5 21.
f4 Bd6 22. Ne2 Ne4 23. Qxe7 Bxe7 24. Bxe4 dxe4 25. Nd4 Bc8 26. Rc2 Bf6 27. Rdc1
Bxd4 28. Bxd4 Bd7 29. Rc7 Bc6 30. g4 Rc8 31. Rxc8 Rxc8 32. g5 hxg5 33. fxg5 Bd7
34. Rxc8+ Bxc8 35. h4 Kh7 36. Kf2 Kg6 37. Kg3 f6 38. Kf4 fxg5+ 39. hxg5 Bd7 40.
Kxe4 Kxg5 41. Bxg7 Kg6 42. Bh8 Kf7 43. Ke5 Bc6 44. Bf6 Ke8 45. e4 Kd7 46. Bh4
Ke8 47. a4 Kd7 48. Kf5 Ke8 49. Bg5 Kd7 50. Bh4 Ke8 51. a5 Kd7 52. b4 Ke8 53. e5
Bb5 54. e6 Bc4 55. Ke5 Bb5 56. Kd6 Be2 57. Bg5 Bf1 58. Bh4 Be2 59. Kc7 Bf1 60.
Kxb7 Be2 61. Kc6 Bb5+ 62. Kc5 Bf1 63. Bg5 Bb5 64. Kd4 Bf1 65. Kc3 Bb5 66. Kb3
Bf1 67. Kb2 Bb5 68. Ka1 Bf1 69. b5 Bxb5 1/2-1/2

[Event "Pardubice Open A"]
[Site "Pardubice (CZE)"]
[Date "2015.07.30"]
[Round "7.90"]
[White "MANN, Johannes"]
[Black "HAVELKA, Jan"]
[Result "1-0"]
[WhiteElo "2295"]
[BlackElo "2178"]
[PlyCount "107"]
[EventDate "2015.07.24"]

1. d4 e6 2. c4 c5 3. Nf3 Nf6 4. Nc3 cxd4 5. Nxd4 Nc6 6. Ndb5 d6 7. g3 a6 8. Nd4
Bd7 9. Bg2 Qc7 10. b3 Be7 11. Bb2 Nxd4 12. Qxd4 Bc6 13. O-O h5 14. Rac1 Bxg2
15. Kxg2 h4 16. Na4 Qc6+ 17. f3 e5 18. Qd2 Rd8 19. e4 Nh5 20. Qd5 Qc7 21. Nc3
Qc8 22. Rh1 Bg5 23. Rcd1 Rh6 24. Ne2 Nf6 25. Qd3 Rg6 26. Bc1 Bxc1 27. Rxc1 Qc5
28. Rhf1 Ke7 29. g4 Rh8 30. h3 Nh5 31. Kh2 Nf4 32. Nxf4 exf4 33. Kg2 Rc8 34.
Rfd1 Re6 35. Qe2 Qa3 36. Rc2 Re5 37. Qd2 g5 38. b4 Rd8 39. c5 d5 40. Qd4 f6 41.
Rd3 Qa4 42. Rcd2 Qc6 43. a3 Kf7 44. Qb2 b6 45. exd5 Qb5 46. Qc2 bxc5 47. bxc5
Kg7 48. c6 Qb6 49. c7 Re1 50. Rf2 Rde8 51. Rdd2 Rb1 52. c8=Q Rxc8 53. Qxc8 Qe3
54. Rde2 1-0

[Event "Pardubice Open A"]
[Site "Pardubice (CZE)"]
[Date "2015.07.30"]
[Round "7.91"]
[White "BEKHOVSKIY, Mikhail"]
[Black "HANSCH, Stephan"]
[Result "1-0"]
[WhiteElo "2286"]
[BlackElo "2179"]
[PlyCount "95"]
[EventDate "2015.07.24"]

1. e4 c5 2. c3 d5 3. exd5 Qxd5 4. d4 Nc6 5. Nf3 e5 6. Nxe5 Nxe5 7. dxe5 Qxe5+
8. Be3 Nf6 9. Bb5+ Bd7 10. Bxd7+ Nxd7 11. Qf3 Bd6 12. Na3 Nb6 13. Qxb7 O-O 14.
O-O-O c4 15. Nc2 Bc5 16. Qa6 Rab8 17. Bxc5 Qxc5 18. Ne3 f5 19. Rd4 Rbc8 20.
Rhd1 f4 21. Nd5 Nxd5 22. Qe6+ Kh8 23. Qxd5 Qxd5 24. Rxd5 h6 25. Re1 f3 26. g3
Rfe8 27. Rde5 Red8 28. R5e3 Rf8 29. Re7 a5 30. Rd7 Rfe8 31. Rde7 Rf8 32. R1e4
a4 33. a3 Kg8 34. h4 Rfd8 35. Rg4 Rd3 36. Rgxg7+ Kf8 37. Ref7+ Ke8 38. Rf4 Rc6
39. Rgg4 Rcd6 40. Re4+ Kd7 41. Rd4 R3xd4 42. Rxd4 Rxd4 43. cxd4 h5 44. Kd2 Kd6
45. Ke3 Kd5 46. g4 hxg4 47. h5 g3 48. fxg3 1-0

[Event "Pardubice Open A"]
[Site "Pardubice (CZE)"]
[Date "2015.07.30"]
[Round "7.92"]
[White "PULPAN, Jakub"]
[Black "KEARNS, Christopher"]
[Result "1-0"]
[WhiteElo "2263"]
[BlackElo "2176"]
[PlyCount "61"]
[EventDate "2015.07.24"]

1. e4 c6 2. c4 e6 3. d4 d5 4. e5 c5 5. dxc5 Bxc5 6. Nc3 Ne7 7. Nf3 a6 8. Bg5
Nbc6 9. cxd5 exd5 10. Be2 Be6 11. O-O h6 12. Bh4 g5 13. Bg3 Nf5 14. Rc1 h5 15.
Nxd5 Qxd5 16. Qxd5 Bxd5 17. Rxc5 Bxf3 18. Bxf3 h4 19. Bxc6+ bxc6 20. e6 hxg3
21. exf7+ Kd7 22. Rxf5 gxh2+ 23. Kh1 Raf8 24. Rd1+ Kc7 25. Rf6 Rh7 26. Rc1
Rhxf7 27. Rcxc6+ Kd7 28. Rxf7+ Rxf7 29. Rxa6 Rxf2 30. b3 g4 31. Kxh2 1-0

[Event "Pardubice Open A"]
[Site "?"]
[Date "2015.07.31"]
[Round "8.1"]
[White "LAZNICKA, Viktor"]
[Black "MOVSESIAN, Sergei"]
[Result "1/2-1/2"]
[WhiteElo "2657"]
[BlackElo "2653"]
[PlyCount "55"]
[EventDate "2015.??.??"]

1. d4 Nf6 2. c4 e6 3. Nc3 Bb4 4. e3 O-O 5. Bd3 d5 6. Nf3 c5 7. O-O cxd4 8. exd4
dxc4 9. Bxc4 b6 10. Qe2 Bb7 11. Rd1 Nbd7 12. d5 Bxc3 13. dxe6 Bxf3 14. gxf3
fxe6 15. bxc3 Qc7 16. Bxe6+ Kh8 17. Qc4 Qb7 18. Bxd7 Nxd7 19. Qd5 Qxd5 20. Rxd5
Nc5 21. Be3 Rxf3 22. Rad1 Raf8 23. Rd8 Kg8 24. Rxf8+ Rxf8 25. Bxc5 bxc5 26. Rd5
Rf4 27. Rxc5 Ra4 28. Rc7 1/2-1/2

[Event "Pardubice Open A"]
[Site "?"]
[Date "2015.07.31"]
[Round "8.2"]
[White "DEAC, Bogdan-Daniel"]
[Black "VOROBIOV, Evgeny E"]
[Result "1/2-1/2"]
[WhiteElo "2443"]
[BlackElo "2582"]
[PlyCount "71"]
[EventDate "2015.??.??"]

1. c4 Nf6 2. Nf3 g6 3. g3 Bg7 4. Bg2 c5 5. Nc3 Nc6 6. d4 cxd4 7. Nxd4 O-O 8.
O-O Nxd4 9. Qxd4 d6 10. Qd3 a6 11. Bf4 Bf5 12. Qf3 Rb8 13. Rfd1 Nd7 14. Qe3 Be6
15. Bd5 Bxd5 16. Nxd5 Re8 17. Rab1 Rc8 18. b3 Nf6 19. Bg5 Nxd5 20. Rxd5 Qd7 21.
Rbd1 Qe6 22. a4 Rc6 23. Qf3 h5 24. h4 Qg4 25. Qxg4 hxg4 26. Be3 Be5 27. R5d3 f5
28. Kg2 Kf7 29. a5 Ke6 30. Rd5 Rec8 31. f3 gxf3+ 32. exf3 Bc3 33. R1d3 Be5 34.
Rd1 Bc3 35. R1d3 Be5 36. Rd1 1/2-1/2

[Event "Pardubice Open A"]
[Site "?"]
[Date "2015.07.31"]
[Round "8.3"]
[White "BORUCHOVSKY, Avital"]
[Black "RAZNIKOV, Danny"]
[Result "1/2-1/2"]
[WhiteElo "2539"]
[BlackElo "2500"]
[PlyCount "54"]
[EventDate "2015.??.??"]

1. d4 Nf6 2. c4 e6 3. Nf3 b6 4. g3 Bb7 5. Bg2 Bb4+ 6. Bd2 Bxd2+ 7. Nbxd2 c5 8.
e4 cxd4 9. Nxd4 O-O 10. O-O d6 11. Re1 a6 12. Nb1 Qc7 13. Nc3 Nbd7 14. Rc1 Rac8
15. b3 Qb8 16. h3 Rc5 17. Qd2 Rfc8 18. f4 h6 19. Bf3 Ba8 20. Kh2 Bb7 21. Re3
Ba8 22. Ree1 Bb7 23. a4 Rd8 24. Qg2 Nf8 25. Rcd1 Ng6 26. Nc2 Rcc8 27. Nb4 Nd7
1/2-1/2

[Event "Pardubice Open A"]
[Site "?"]
[Date "2015.07.31"]
[Round "8.4"]
[White "PAP, Gyula"]
[Black "CVEK, Robert"]
[Result "1/2-1/2"]
[WhiteElo "2536"]
[BlackElo "2517"]
[PlyCount "90"]
[EventDate "2015.??.??"]

1. g3 c5 2. Bg2 g6 3. c4 Bg7 4. Nc3 Nc6 5. Nf3 Nh6 6. d4 cxd4 7. Bxh6 Bxh6 8.
Nxd4 Nxd4 9. Qxd4 O-O 10. O-O d6 11. Rfd1 Bg7 12. Qe3 Bxc3 13. Qxc3 Qc7 14. Rd4
Be6 15. Rh4 Qb6 16. Qd2 f5 17. e4 Rf7 18. exf5 Bxf5 19. Re1 Re8 20. Rd4 Rf6 21.
h4 h5 22. b3 Kh7 23. Re3 Qc7 24. Qb4 b6 25. Qb5 Rc8 26. Rd2 e5 27. Re1 Bg4 28.
Be4 Rcf8 29. Qd5 Qc5 30. Qxc5 bxc5 31. Re3 Rb8 32. Kg2 Rb6 33. Bd5 a5 34. f4
exf4 35. Re7+ Kh8 36. gxf4 Rxf4 37. Rd3 Rb8 38. Rde3 Rbf8 39. Ra7 g5 40. Ree7
Bf5 41. hxg5 Rg4+ 42. Kh2 Rh4+ 43. Kg3 Rg4+ 44. Kh2 Rh4+ 45. Kg3 Rg4+ 1/2-1/2

[Event "Pardubice Open A"]
[Site "?"]
[Date "2015.07.31"]
[Round "8.5"]
[White "KONGUVEL, Ponnuswamy"]
[Black "GHOSH, Diptayan"]
[Result "1/2-1/2"]
[WhiteElo "2337"]
[BlackElo "2523"]
[PlyCount "62"]
[EventDate "2015.??.??"]

1. e4 e5 2. Nf3 Nc6 3. Bb5 a6 4. Ba4 Nf6 5. O-O Be7 6. Re1 b5 7. Bb3 d6 8. c3
O-O 9. h3 Nb8 10. d4 Nbd7 11. Nbd2 Bb7 12. Bc2 Re8 13. Nf1 Bf8 14. Ng3 g6 15.
a4 c5 16. d5 c4 17. Bg5 h6 18. Be3 Qc7 19. Qd2 h5 20. Ra3 Nc5 21. Rea1 Be7 22.
Qd1 Reb8 23. R1a2 Nfd7 24. Qa1 Qc8 25. Nd2 Nb6 26. axb5 axb5 27. Rxa8 Rxa8 28.
Rxa8 Qxa8 29. Qxa8+ Bxa8 30. Nb1 Bb7 31. Na3 Ba6 1/2-1/2

[Event "Pardubice Open A"]
[Site "?"]
[Date "2015.07.31"]
[Round "8.6"]
[White "KONONENKO, Dmitry"]
[Black "JANSA, Vlastimil"]
[Result "1-0"]
[WhiteElo "2617"]
[BlackElo "2457"]
[PlyCount "81"]
[EventDate "2015.??.??"]

1. e4 c5 2. Nf3 e6 3. d4 cxd4 4. Nxd4 Nc6 5. Nc3 a6 6. Be3 Nf6 7. Qd2 Bb4 8. f3
d5 9. a3 Qa5 10. exd5 Nxd5 11. Nb3 Bxc3 12. Nxa5 Bxd2+ 13. Bxd2 Nxa5 14. Bxa5
Ne3 15. Kf2 Nxf1 16. Rhxf1 b5 17. b3 Bb7 18. Rfd1 O-O 19. c4 Rfc8 20. Rac1 Bc6
21. Ke3 f6 22. c5 Kf7 23. Rd6 Ra7 24. Rcd1 Re7 25. g4 Kg6 26. h4 h5 27. g5 Kf5
28. R1d4 fxg5 29. Bd8 Re8 30. Bxg5 a5 31. Rf4+ Kg6 32. Kd4 Rc7 33. Ke5 Bd5 34.
b4 axb4 35. axb4 Ra7 36. Rb6 Rb7 37. Rxb7 Bxb7 38. Rd4 Bxf3 39. Rd6 Bd5 40. Rb6
Bc4 41. c6 1-0

[Event "Pardubice Open A"]
[Site "?"]
[Date "2015.07.31"]
[Round "8.7"]
[White "PIORUN, Kacper"]
[Black "VALSECCHI, Alessio"]
[Result "1/2-1/2"]
[WhiteElo "2591"]
[BlackElo "2457"]
[PlyCount "83"]
[EventDate "2015.??.??"]

1. e4 e5 2. Nf3 Nc6 3. Bb5 a6 4. Ba4 Nf6 5. O-O b5 6. Bb3 Bc5 7. a4 Rb8 8. axb5
axb5 9. Nxe5 Nxe5 10. d4 Bxd4 11. Qxd4 d6 12. f4 Nc6 13. Qd3 O-O 14. Nc3 Nb4
15. Qe2 c5 16. e5 c4 17. exf6 Re8 18. Qd1 cxb3 19. cxb3 Qxf6 20. f5 Bxf5 21.
Nd5 Nxd5 22. Qxd5 Be4 23. Rxf6 Bxd5 24. Rxd6 Bxb3 25. Bf4 Rbc8 26. Rc1 Rxc1+
27. Bxc1 f6 28. Kf2 Kf7 29. Rd7+ Kg6 30. Rc7 Re5 31. Bf4 Re4 32. Be3 Bc4 33.
Rb7 Re5 34. g3 Rf5+ 35. Bf4 Rd5 36. h4 h5 37. Be3 Rd3 38. b4 Rb3 39. Bc5 Rb2+
40. Ke3 Rb3+ 41. Kf2 Rb2+ 42. Ke3 1/2-1/2

[Event "Pardubice Open A"]
[Site "?"]
[Date "2015.07.31"]
[Round "8.8"]
[White "DAS, Sayantan"]
[Black "LINTCHEVSKI, Daniil"]
[Result "1/2-1/2"]
[WhiteElo "2444"]
[BlackElo "2574"]
[PlyCount "71"]
[EventDate "2015.??.??"]

1. e4 c6 2. d4 d5 3. Nd2 dxe4 4. Nxe4 Bf5 5. Ng3 Bg6 6. h4 h6 7. Nf3 Nd7 8. h5
Bh7 9. Bd3 Bxd3 10. Qxd3 e6 11. Bd2 Ngf6 12. O-O-O Bd6 13. Ne4 Nxe4 14. Qxe4
Nf6 15. Qe2 Bc7 16. c4 b5 17. Kb1 bxc4 18. Qxc4 O-O 19. Ne5 Nd5 20. f4 Bxe5 21.
fxe5 f5 22. exf6 Rxf6 23. g4 Qb6 24. g5 hxg5 25. Bxg5 Rf2 26. Rd2 Raf8 27. h6
Qb5 28. Qxb5 cxb5 29. Rdd1 Rg2 30. Bc1 gxh6 31. Rxh6 Rf6 32. Rh3 b4 33. Rdh1
Kf7 34. Rh7+ Rg7 35. Rh8 Rg8 36. R1h7+ 1/2-1/2

[Event "Pardubice Open A"]
[Site "?"]
[Date "2015.07.31"]
[Round "8.9"]
[White "JAKUBOWSKI, Krzysztof"]
[Black "ALI MARANDI, Cemil Can"]
[Result "1-0"]
[WhiteElo "2565"]
[BlackElo "2431"]
[PlyCount "91"]
[EventDate "2015.??.??"]

1. c4 c6 2. Nf3 d5 3. e3 Nf6 4. Nc3 e6 5. b3 Nbd7 6. Bb2 Bd6 7. Qc2 a6 8. d4
O-O 9. Bd3 e5 10. cxd5 cxd5 11. dxe5 Nxe5 12. Nxe5 Bxe5 13. Ne2 Qe7 14. Bxe5
Qxe5 15. Qc3 Qxc3+ 16. Nxc3 Be6 17. Rc1 Rfd8 18. Ne2 Rac8 19. Rxc8 Rxc8 20. f3
Kf8 21. Kd2 Ke7 22. g4 Nd7 23. Nd4 Ne5 24. h4 g6 25. Rb1 Kd6 26. a4 Nc6 27.
Nxc6 Rxc6 28. b4 Rc8 29. a5 Bd7 30. b5 axb5 31. Bxb5 Bc6 32. Bxc6 bxc6 33. Rb7
Ra8 34. Rxf7 Rxa5 35. Rxh7 Ra2+ 36. Ke1 Kc5 37. Rh6 Kc4 38. Rxg6 c5 39. Rc6 d4
40. exd4 Kxd4 41. g5 Ke3 42. Re6+ Kxf3 43. g6 Rg2 44. h5 Kf4 45. h6 Kf5 46. Re8
1-0

[Event "Pardubice Open A"]
[Site "?"]
[Date "2015.07.31"]
[Round "8.10"]
[White "BABULA, Vlastimil"]
[Black "GOLUBOV, Saveliy"]
[Result "1/2-1/2"]
[WhiteElo "2559"]
[BlackElo "2446"]
[PlyCount "81"]
[EventDate "2015.??.??"]

1. d4 Nf6 2. c4 e6 3. Nf3 d5 4. Nc3 Be7 5. Bg5 h6 6. Bh4 O-O 7. e3 b6 8. Bd3
Bb7 9. O-O Nbd7 10. Qe2 c5 11. Bg3 Ne4 12. cxd5 exd5 13. Rad1 Qc8 14. a4 Ndf6
15. Ne5 Rd8 16. Bh4 a6 17. Nxe4 dxe4 18. Bc4 Bd5 19. dxc5 Qxc5 20. Bxf6 Bxc4
21. Qxc4 Qxc4 22. Nxc4 Bxf6 23. Nxb6 Rxd1 24. Rxd1 Rb8 25. Rd6 Bxb2 26. g4 a5
27. Kg2 g6 28. Rc6 Kg7 29. h4 Rd8 30. Rc5 Rb8 31. Nd5 Ra8 32. h5 gxh5 33. gxh5
Ba3 34. Rb5 Bd6 35. Rb6 Bf8 36. Kg3 Rc8 37. Nf6 Rc4 38. Ne8+ Kg8 39. Nf6+ Kg7
40. Ne8+ Kg8 41. Nf6+ 1/2-1/2

[Event "Pardubice Open A"]
[Site "?"]
[Date "2015.07.31"]
[Round "8.11"]
[White "STEINBERG, Nitzan"]
[Black "PREDKE, Alexandr"]
[Result "1/2-1/2"]
[WhiteElo "2435"]
[BlackElo "2537"]
[PlyCount "194"]
[EventDate "2015.??.??"]

1. e4 c6 2. d4 d5 3. Nc3 dxe4 4. Nxe4 Bf5 5. Qf3 e6 6. c3 Nd7 7. Ng3 Bg6 8.
N1e2 Qh4 9. Nf4 Ngf6 10. Nxg6 hxg6 11. Ne2 Bd6 12. g3 Qh5 13. Qxh5 Rxh5 14. Bg2
O-O-O 15. Bd2 Nd5 16. O-O-O b5 17. Kc2 N7b6 18. a3 c5 19. h4 c4 20. Rh3 Kd7 21.
Rdh1 Rdh8 22. Ng1 Be7 23. Nf3 f6 24. Re1 g5 25. Rhh1 gxh4 26. Bh3 hxg3 27.
Bxe6+ Kc6 28. Rxh5 Rxh5 29. fxg3 Bd6 30. Re4 g5 31. Be1 a6 32. Re2 Rh1 33. Nd2
a5 34. Ne4 Be7 35. Bf7 f5 36. Be8+ Kc7 37. Nc5 f4 38. gxf4 gxf4 39. Bd2 Bxc5
40. dxc5 Nd7 41. Rf2 Nxc5 42. Bxb5 Nd3 43. Bxc4 Nxf2 44. Bxd5 Rh4 45. c4 Kd6
46. b4 axb4 47. axb4 Ke5 48. Bc3+ Kf5 49. c5 Ne4 50. c6 Rh2+ 51. Kb3 Nd6 52. b5
Nxb5 53. Ba5 f3 54. c7 Rh8 55. Bxf3 Nd4+ 56. Kc4 Nxf3 57. Kd5 Ng5 58. Bc3 Rc8
59. Kd6 Ne6 60. Ba5 Nf8 61. Bc3 Ne6 62. Ba5 Nf8 63. Bc3 Re8 64. Bb2 Re6+ 65.
Kd5 Re8 66. Kd6 Ke4 67. Kc6 Ne6 68. Kd7 Nxc7 69. Kxc7 Kd5 70. Bf6 Re6 71. Bh4
Rc6+ 72. Kb7 Kc5 73. Bg3 Kb5 74. Bb8 Rg6 75. Ka8 Kb6 76. Ba7+ Ka6 77. Bb8 Rg4
78. Bc7 Rg7 79. Bf4 Ra7+ 80. Kb8 Rb7+ 81. Ka8 Kb6 82. Be3+ Kc7 83. Bf4+ Kc8 84.
Be3 Rb4 85. Bf2 Rb3 86. Bd4 Kc7 87. Be5+ Kb6 88. Bd4+ Ka6 89. Be5 Re3 90. Bf4
Re7 91. Bb8 Kb6 92. Bg3 Re2 93. Bf4 Re1 94. Bg3 Rf1 95. Be5 Rf5 96. Bg3 Rf8+
97. Bb8 Ka6 1/2-1/2

[Event "Pardubice Open A"]
[Site "?"]
[Date "2015.07.31"]
[Round "8.12"]
[White "STELLA, Andrea"]
[Black "KRYAKVIN, Dmitry"]
[Result "1/2-1/2"]
[WhiteElo "2427"]
[BlackElo "2529"]
[PlyCount "87"]
[EventDate "2015.??.??"]

1. c4 Nf6 2. Nf3 g6 3. g3 Bg7 4. Bg2 O-O 5. d4 d6 6. Nc3 Nbd7 7. O-O e5 8. e4
c6 9. h3 Qa5 10. Qe2 Re8 11. Be3 a6 12. a3 exd4 13. Nxd4 c5 14. Nc2 Ne5 15. b4
cxb4 16. axb4 Qc7 17. Nb5 Qb8 18. Nbd4 Bd7 19. f4 Nc6 20. Qd3 Qc7 21. Rac1 Re7
22. Bf2 Rae8 23. Rfe1 Qc8 24. g4 h5 25. g5 Nh7 26. b5 Nxd4 27. Nxd4 Qc7 28. h4
Bg4 29. b6 Qd8 30. Nc2 Nf8 31. Ne3 Ne6 32. Nd5 Rd7 33. f5 Nc5 34. Bxc5 dxc5 35.
f6 Bf8 36. e5 Re6 37. Bh3 Bxh3 38. Qxh3 Rxd5 39. cxd5 Qxd5 40. Qg2 Qd4+ 41. Qf2
Qg4+ 42. Qg2 Qd4+ 43. Qf2 Qg4+ 44. Qg2 1/2-1/2

[Event "Pardubice Open A"]
[Site "?"]
[Date "2015.07.31"]
[Round "8.13"]
[White "POPILSKI, Gil"]
[Black "AKESSON, Ralf"]
[Result "1-0"]
[WhiteElo "2519"]
[BlackElo "2428"]
[PlyCount "79"]
[EventDate "2015.??.??"]

1. e4 c6 2. d4 d5 3. f3 e6 4. Nc3 Bb4 5. Bf4 Nf6 6. Qd3 b6 7. Nge2 Ba6 8. Qe3
O-O 9. O-O-O Be7 10. g4 c5 11. exd5 Nxd5 12. Nxd5 exd5 13. Nc3 Bxf1 14. Rhxf1
Nc6 15. dxc5 Bxc5 16. Qe2 d4 17. Ne4 Rc8 18. Kb1 Qd7 19. h4 Be7 20. Bg5 Rfd8
21. a3 Ne5 22. Bxe7 Qxe7 23. Ng3 Qc5 24. Nf5 g6 25. f4 Nc4 26. Nh6+ Kf8 27.
Rfe1 Re8 28. Qd3 Re3 29. Rxe3 dxe3 30. Ka1 Qe7 31. g5 f6 32. Re1 f5 33. Nxf5
Qc5 34. Nd4 Re8 35. h5 Qa5 36. Re2 Qd5 37. hxg6 hxg6 38. Rh2 Kg7 39. f5 Qe5 40.
f6+ 1-0

[Event "Pardubice Open A"]
[Site "?"]
[Date "2015.07.31"]
[Round "8.14"]
[White "KOVALEV, Andrei"]
[Black "GAGARE, Shardul"]
[Result "1-0"]
[WhiteElo "2491"]
[BlackElo "2425"]
[PlyCount "69"]
[EventDate "2015.??.??"]

1. e4 c6 2. d4 d5 3. e5 Bf5 4. h4 h5 5. Bd3 Bxd3 6. Qxd3 e6 7. Bg5 Qb6 8. Nd2
Qa6 9. c4 Nd7 10. Ne2 Bb4 11. b3 Ne7 12. O-O f6 13. a3 Bxd2 14. Bxd2 dxc4 15.
bxc4 O-O-O 16. exf6 gxf6 17. Nf4 c5 18. Qh3 Nf8 19. Rfe1 f5 20. d5 Rd6 21. Bc3
Rh7 22. Be5 Rd7 23. Qe3 b6 24. dxe6 Rd8 25. Rad1 Rxd1 26. Rxd1 Qxc4 27. Qd2 Kb7
28. Qd8 Qe4 29. Bd6 Neg6 30. Nxg6 Nxg6 31. Qg8 Nxh4 32. Qxh7+ Ka6 33. Qg8 Qe2
34. Rf1 Qc4 35. Bg3 1-0

[Event "Pardubice Open A"]
[Site "?"]
[Date "2015.07.31"]
[Round "8.15"]
[White "ARAT, Ufuk Sezen"]
[Black "YUFFA, Daniil"]
[Result "1/2-1/2"]
[WhiteElo "2409"]
[BlackElo "2474"]
[PlyCount "88"]
[EventDate "2015.??.??"]

1. d4 Nf6 2. c4 g6 3. Nc3 Bg7 4. Nf3 O-O 5. g3 c5 6. Bg2 cxd4 7. Nxd4 Nc6 8.
O-O Qa5 9. Nb3 Qh5 10. e4 d6 11. f3 a5 12. Be3 a4 13. Nd4 Qa5 14. Rc1 Nxd4 15.
Bxd4 Be6 16. Nd5 Bxd5 17. cxd5 Nd7 18. Bxg7 Kxg7 19. Qd4+ Kg8 20. Bh3 Nc5 21.
f4 Qa6 22. Rf3 Qe2 23. Re3 Qh5 24. g4 Qh4 25. Rf1 Rac8 26. g5 Rc7 27. Rg3 f6
28. Qe3 fxg5 29. Rxg5 Rf6 30. Rg3 Rf8 31. e5 Qh6 32. b4 axb3 33. axb3 Qg7 34.
b4 Nd7 35. exd6 exd6 36. Qe6+ Kh8 37. Qxd6 Nf6 38. Qe5 Nh5 39. Rgf3 Rcf7 40.
Qxg7+ Kxg7 41. f5 g5 42. Rd1 Nf4 43. Re3 Rd8 44. d6 Nxh3+ 1/2-1/2